000
00301nam a2200121Ia 4500
005
20251222140110.0
008
251222s1900||||xx |||||||||||||| ||spa||
082
_a
210.7/V78
100
_a
Vizmanos, Francisco de B.
245
0
_a
Teología Fundamental para Seglares
264
_b
Católica
942
_c
LIB
999
_c
4276
_d
4276